[Event "Druzynowe Mistrzostwa Polski Juniorow - Ekstraliga"]
[Site "Suchedniow"]
[Date "1899-12-30"]
[Round "5.25"]
[White "Janik, Igor"]
[Black "Kiolbasa, Oliwia"]
[Result "1-0"]
[WhiteTitle "FM"]
[BlackTitle "WIM"]
[WhiteElo "2318"]
[BlackElo "2318"]

1. e4 e5 2. Nf3 Nc6 3. Bb5 a6 4. Ba4 d6 5. O-O Nf6 6. c3 Bd7 7. Re1 g6 8. d4 b5
9. Bc2 Bg7 10. d5 Ne7 11. a4 O-O 12. c4 bxc4 13. Na3 c6 14. dxc6 Bxc6 15. Nxc4
Nc8 16. Bd2 Rb8 17. Ba5 Qe7 18. Qd2 Qb7 19. Nxd6 Nxd6 20. Qxd6 Bxe4 21. Bxe4 Nxe4
22. Qd1 f5 23. b4 Kh8 24. Rc1 Rbc8 25. Qb3 g5 26. Qe6 g4 27. Nxe5 Rce8 28. Qc6
Qxc6 29. Nxc6 Nc3 30. Kf1 Nxa4 31. Rxe8 Rxe8 32. Re1 Rxe1+ 33. Kxe1 Nb2 34. Ke2
Nc4 35. Bc7 Bf8 36. Kd3 Nd6 37. Nb8 Ne4 38. f3 gxf3 39. gxf3 Nf6 40. Be5 Kg7 41.
Nxa6 Kf7 42. Bxf6 Kxf6 43. b5 Bd6 44. b6 Bxh2 45. b7 Kg5 46. Ke3 h5 47. Kf2 h4
48. b8=Q Bxb8 49. Nxb8 Kf4 50. Nc6 h3 51. Nd4 h2 52. Ne2+ 1-0

[Event "Druzynowe Mistrzostwa Polski Juniorow - Ekstraliga"]
[Site "Suchedniow"]
[Date "1899-12-30"]
[Round "5.26"]
[White "Szostko, Jakub"]
[Black "Delekta, Filip"]
[Result "1-0"]
[WhiteTitle "k"]
[BlackTitle "I++"]
[WhiteElo "2246"]
[BlackElo "2209"]

1. e4 c5 2. Nf3 e6 3. d4 cxd4 4. Nxd4 Nc6 5. Nc3 Qc7 6. Be2 a6 7. O-O Nf6 8. Be3
b5 9. Nxc6 dxc6 10. f4 e5 11. fxe5 Qxe5 12. Kh1 Be6 13. Bd4 Qc7 14. e5 Nd7 15.
Bg4 O-O-O 16. Bxe6 fxe6 17. Qg4 c5 18. Bf2 h5 19. Qxe6 Rh6 20. Qh3 b4 21. Bh4
Re8 22. Nd5 Qc6 23. Rxf8 1-0

[Event "Druzynowe Mistrzostwa Polski Juniorow - Ekstraliga"]
[Site "Suchedniow"]
[Date "1899-12-30"]
[Round "5.27"]
[White "Koziorowicz, Michal"]
[Black "Kosakowski, Jakub"]
[Result "0-1"]
[WhiteTitle "I"]
[BlackTitle "k"]
[WhiteElo "1758"]
[BlackElo "2122"]

1. e4 e5 2. Nf3 Nc6 3. Bb5 a6 4. Ba4 Nf6 5. O-O Nxe4 6. d4 b5 7. Bb3 d5 8. Nxe5
Nxe5 9. dxe5 Be6 10. c3 Bc5 11. Nd2 Nxd2 12. Bxd2 O-O 13. Bc2 Qh4 14. Qf3 f6 15.
g3 Qh3 16. exf6 Rxf6 17. Qg2 Qh5 18. h4 Raf8 19. Be3 Bxe3 20. fxe3 Qe5 21. Rxf6
Rxf6 22. Re1 c6 23. a3 Bg4 24. Kh2 g5 25. hxg5 Qxg5 26. Bd1 Bxd1 27. Rxd1 Rh6+
28. Kg1 Qxe3+ 29. Qf2 Rh1+ 0-1

[Event "Druzynowe Mistrzostwa Polski Juniorow - Ekstraliga"]
[Site "Suchedniow"]
[Date "1899-12-30"]
[Round "5.28"]
[White "Pytel, Maciej"]
[Black "Dzida, Kamil"]
[Result "0-1"]
[WhiteTitle "I"]
[BlackTitle "I"]
[WhiteElo "2000"]
[BlackElo "1781"]

1. e4 c5 2. Nf3 d6 3. d4 cxd4 4. Nxd4 Nf6 5. Nc3 a6 6. Bg5 e6 7. f4 Nbd7 8. Qf3
Qc7 9. O-O-O Be7 10. g4 b5 11. Bxf6 Nxf6 12. g5 Nd7 13. f5 Ne5 14. Qg3 b4 15.
Nce2 Bb7 16. Bg2 exf5 17. exf5 Rc8 18. Bxb7 Qxb7 19. Rhf1 f6 20. Qb3 Rc4 21. Ne6
Kf7 22. gxf6 Bxf6 23. Rf4 Rhc8 24. Kb1 Qg2 25. Rxc4 Nxc4 26. N6d4 a5 27. Qa4 Re8
28. Qb5 d5 29. Ka1 Rxe2 30. Qd7+ Re7 31. Qd8 Bxd4 0-1

[Event "Druzynowe Mistrzostwa Polski Juniorow - Ekstraliga"]
[Site "Suchedniow"]
[Date "1899-12-30"]
[Round "5.29"]
[White "Malinowska, Monika"]
[Black "Burakowska, Gabriela"]
[Result "0-1"]
[WhiteTitle "I"]
[BlackTitle "I++"]
[WhiteElo "1378"]
[BlackElo "1841"]

1. d4 Nf6 2. c4 e6 3. Nf3 b6 4. Nc3 Bb4 5. Bd2 Bb7 6. e3 Bxc3 7. Bxc3 Ne4 8. Qc2
d6 9. Bd3 d5 10. cxd5 exd5 11. Bb4 Nd7 12. Bb5 a6 13. Bxd7+ Qxd7 14. Ne5 Qb5 15.
a3 Rc8 16. f3 Nd6 17. Qc3 c5 18. dxc5 bxc5 19. Ba5 d4 20. Qd2 f6 21. b4 fxe5 22.
a4 Qd7 23. bxc5 Nc4 24. Qb4 Nxe3 25. Ra2 O-O 26. Rb2 Bd5 27. Kf2 Nxg2 0-1

[Event "Druzynowe Mistrzostwa Polski Juniorow - Ekstraliga"]
[Site "Suchedniow"]
[Date "1899-12-30"]
[Round "5.30"]
[White "Kalinowska, Zuzanna"]
[Black "Kaniowska, Anna"]
[Result "1-0"]
[WhiteTitle "k"]
[BlackTitle "II+"]
[WhiteElo "1910"]
[BlackElo "1390"]

1. d4 Nf6 2. c4 e6 3. Nc3 d5 4. cxd5 exd5 5. Bg5 Nbd7 6. e3 Be7 7. Bd3 O-O 8. Nf3
c6 9. O-O Re8 10. Qc2 Nf8 11. Rab1 Ne4 12. Bxe7 Qxe7 13. b4 Ng6 14. b5 Bd7 15.
bxc6 bxc6 16. Na4 Rab8 17. Rfc1 Rec8 18. Ba6 Rxb1 19. Rxb1 Rc7 20. Rb8+ Be8 21.
Nd2 Nxd2 22. Qxd2 Nf8 23. Qa5 Ne6 24. Nc5 Kf8 25. Kf1 Nxc5 26. Qxc5 Qxc5 27. dxc5
Ke7 28. Ke2 f6 29. Kd3 Bg6+ 30. Kd4 Be4 31. f3 Bg6 32. Kc3 Ke6 33. Kd4 Ke7 34.
a4 Bc2 35. a5 g5 36. Bd3 Bxd3 37. Kxd3 Ke6 38. a6 Kd7 39. Kd4 h5 40. g3 Rc8 41.
Rxc8 Kxc8 42. e4 dxe4 43. Kxe4 Kd7 44. Kf5 Ke7 45. h3 Kf7 46. h4 gxh4 47. gxh4
Ke7 48. Kg6 Ke6 49. Kxh5 Kd5 50. Kg6 1-0

[Event "Druzynowe Mistrzostwa Polski Juniorow - Ekstraliga"]
[Site "Suchedniow"]
[Date "1899-12-30"]
[Round "6.1"]
[White "Golda, Sebastian"]
[Black "Kiolbasa, Oliwia"]
[Result "1-0"]
[WhiteTitle "I"]
[BlackTitle "WIM"]
[WhiteElo "1932"]
[BlackElo "2318"]

1. e4 c5 2. Nf3 Nc6 3. d4 cxd4 4. Nxd4 Nf6 5. Nc3 e5 6. Ndb5 d6 7. Bg5 a6 8. Na3
b5 9. Bxf6 gxf6 10. Nd5 f5 11. Nxb5 1-0

[Event "Druzynowe Mistrzostwa Polski Juniorow - Ekstraliga"]
[Site "Suchedniow"]
[Date "1899-12-30"]
[Round "6.2"]
[White "Szostko, Jakub"]
[Black "Marczuk, Anna"]
[Result "1-0"]
[WhiteTitle "k"]
[BlackTitle "k"]
[WhiteElo "2246"]
[BlackElo "1931"]

1. e4 c5 2. Nf3 d6 3. d4 cxd4 4. Nxd4 Nf6 5. Nc3 a6 6. h3 e5 7. Nde2 b5 8. Bg5
Be7 9. Bxf6 Bxf6 10. a4 b4 11. Nd5 a5 12. c3 Nc6 1-0

[Event "Druzynowe Mistrzostwa Polski Juniorow - Ekstraliga"]
[Site "Suchedniow"]
[Date "1899-12-30"]
[Round "6.3"]
[White "Szczurek, Krzysztof"]
[Black "Kosakowski, Jakub"]
[Result "0-1"]
[WhiteTitle "I"]
[BlackTitle "k"]
[WhiteElo "1926"]
[BlackElo "2122"]

1. e4 c5 2. c3 d5 3. exd5 Qxd5 4. d4 Nf6 5. Nf3 e6 6. Bd3 Nc6 7. O-O Be7 8. Be3
cxd4 9. cxd4 O-O 10. Nc3 Qd6 11. a3 b6 12. Rc1 Bb7 13. Qc2 Rac8 14. Rfd1 Rfd8
0-1

[Event "Druzynowe Mistrzostwa Polski Juniorow - Ekstraliga"]
[Site "Suchedniow"]
[Date "1899-12-30"]
[Round "6.4"]
[White "Pytel, Maciej"]
[Black "Korcyl, Patryk"]
[Result "1-0"]
[WhiteTitle "I"]
[BlackTitle "II"]
[WhiteElo "2000"]
[BlackElo "1564"]

1. e4 c5 2. Nf3 d6 3. d4 cxd4 4. Nxd4 Nf6 5. Nc3 a6 6. Bg5 e6 7. f4 Be7 8. Qf3
h6 9. Bh4 g5 10. fxg5 Nfd7 11. Qh5 Ne5 12. Nf3 1-0

[Event "Druzynowe Mistrzostwa Polski Juniorow - Ekstraliga"]
[Site "Suchedniow"]
[Date "1899-12-30"]
[Round "6.5"]
[White "Jedrocha, Katarzyna"]
[Black "Burakowska, Gabriela"]
[Result "1/2-1/2"]
[WhiteTitle "k"]
[BlackTitle "I++"]
[WhiteElo "1948"]
[BlackElo "1841"]

1. e4 c5 2. Nf3 Nc6 3. c3 g6 4. d4 cxd4 5. cxd4 d5 6. e5 Bg7 7. h3 f6 8. exf6 Nxf6
9. Nc3 O-O 10. Bd3 Nh5 11. O-O Nf4 1/2-1/2

[Event "Druzynowe Mistrzostwa Polski Juniorow - Ekstraliga"]
[Site "Suchedniow"]
[Date "1899-12-30"]
[Round "6.7"]
[White "Sernecki, Franciszek"]
[Black "Janik, Igor"]
[Result "0-1"]
[WhiteTitle "I"]
[BlackTitle "FM"]
[WhiteElo "1974"]
[BlackElo "2318"]

1. d4 Nf6 2. Nf3 g6 3. c4 Bg7 4. Nc3 O-O 5. e3 c5 6. Be2 cxd4 7. exd4 d5 8. O-O
Nc6 9. h3 dxc4 10. Bxc4 b6 11. Be3 Bb7 12. Rc1 Rc8 13. Re1 0-1

[Event "Druzynowe Mistrzostwa Polski Juniorow - Ekstraliga"]
[Site "Suchedniow"]
[Date "1899-12-30"]
[Round "6.9"]
[White "Kawaler, Adam"]
[Black "Koziorowicz, Michal"]
[Result "1/2-1/2"]
[WhiteTitle "I"]
[BlackTitle "I"]
[WhiteElo "1761"]
[BlackElo "1758"]

1. d4 f5 2. Nf3 e6 3. g3 d5 4. Bg2 Nf6 5. c4 c6 6. O-O Bd6 7. Nc3 O-O 8. c5 Bc7
9. Qc2 Ne4 10. Bf4 Bxf4 11. gxf4 Bd7 12. e3 Be8 13. Nxe4 fxe4 14. Ne5 Nd7 15.
Nxd7 Qxd7 16. f3 exf3 17. Rxf3 Bg6 18. Qf2 Be4 19. Rg3 Bxg2 20. Qxg2 1/2-1/2

[Event "Druzynowe Mistrzostwa Polski Juniorow - Ekstraliga"]
[Site "Suchedniow"]
[Date "1899-12-30"]
[Round "6.10"]
[White "Dzida, Kamil"]
[Black "Kosior, Jan"]
[Result "1-0"]
[WhiteTitle "I"]
[BlackTitle "II"]
[WhiteElo "1781"]
[BlackElo "1524"]

1. e4 e5 2. Nf3 Nf6 3. Nxe5 d6 4. Nf3 Nxe4 5. c4 Be7 6. d4 Bg4 7. Bd3 Nf6 8. Nc3
Nc6 9. Be3 d5 10. O-O dxc4 11. Bxc4 O-O 12. h3 Bh5 1-0

[Event "Druzynowe Mistrzostwa Polski Juniorow - Ekstraliga"]
[Site "Suchedniow"]
[Date "1899-12-30"]
[Round "6.11"]
[White "Frej, Zofia"]
[Black "Malinowska, Monika"]
[Result "1-0"]
[WhiteTitle "I++"]
[BlackTitle "I"]
[WhiteElo "1929"]
[BlackElo "1378"]

1. e4 e5 2. Bc4 Nf6 3. d3 Bc5 4. Nf3 d6 5. O-O O-O 6. Nbd2 Nc6 7. c3 Be6 8. Bb5
Bd7 9. Ba4 h6 10. h3 a6 11. Re1 1-0

[Event "Druzynowe Mistrzostwa Polski Juniorow - Ekstraliga"]
[Site "Suchedniow"]
[Date "1899-12-30"]
[Round "6.13"]
[White "Kucza, Karol"]
[Black "Chomczyk, Marek"]
[Result "1-0"]
[WhiteTitle "FM"]
[BlackTitle "k"]
[WhiteElo "2294"]
[BlackElo "2167"]

1. e4 e5 2. Nf3 Nc6 3. Bb5 a6 4. Ba4 Nf6 5. O-O Be7 6. Re1 b5 7. Bb3 d6 8. c3 O-O
9. h3 Nb8 10. d4 Nbd7 11. Nbd2 Bb7 12. Bc2 Re8 13. Nf1 Bf8 14. Ng3 g6 15. a4 Bg7
16. Bd3 c6 17. b3 Qc7 18. Bb2 Rad8 19. Qc2 Nf8 1-0

[Event "Druzynowe Mistrzostwa Polski Juniorow - Ekstraliga"]
[Site "Suchedniow"]
[Date "1899-12-30"]
[Round "6.14"]
[White "Kowalski, Igor"]
[Black "Woloch, Oskar"]
[Result "1/2-1/2"]
[WhiteTitle "k"]
[BlackTitle "k"]
[WhiteElo "2131"]
[BlackElo "2164"]

1. d4 Nf6 2. c4 c5 3. d5 b5 4. cxb5 a6 5. e3 axb5 6. Bxb5 Qa5+ 7. Nc3 Bb7 8. Nge2
Nxd5 9. O-O e6 10. e4 Nc7 11. Bc4 Be7 12. f4 O-O 13. f5 1/2-1/2

[Event "Druzynowe Mistrzostwa Polski Juniorow - Ekstraliga"]
[Site "Suchedniow"]
[Date "1899-12-30"]
[Round "6.15"]
[White "Kalemba, Igor"]
[Black "Pacan-milej, Kosma"]
[Result "0-1"]
[WhiteTitle "III"]
[BlackTitle "I"]
[WhiteElo "1041"]
[BlackElo "2033"]

1. e4 c5 2. Nf3 d6 3. d4 cxd4 4. Nxd4 Nf6 5. Nc3 a6 6. Be3 e5 7. Nf3 Qc7 8. h3
Be7 9. Bd3 O-O 10. O-O Nbd7 11. Qe2 Nc5 12. Rfe1 b5 13. Rad1 Bb7 14. Bg5 b4 15.
Nd5 0-1

[Event "Druzynowe Mistrzostwa Polski Juniorow - Ekstraliga"]
[Site "Suchedniow"]
[Date "1899-12-30"]
[Round "6.16"]
[White "Ossolinski, Ziemowit"]
[Black "Gorkiewicz, Mateusz"]
[Result "1-0"]
[WhiteTitle "I"]
[BlackTitle "II"]
[WhiteElo "1845"]
[BlackElo "1562"]

1. e4 e5 2. Nf3 Nc6 3. Bb5 a6 4. Bxc6 dxc6 5. O-O Ne7 6. Nxe5 Qd4 7. Qh5 g6 8.
Qg5 Bg7 9. Nd3 f5 10. e5 Qg4 11. Qxg4 fxg4 12. Re1 b6 13. b3 Bf5 14. Nf4 O-O-O
15. d3 Rhe8 16. Nc3 Ng8 17. Bb2 Bxe5 18. Nfe2 c5 19. Ng3 1-0

[Event "Druzynowe Mistrzostwa Polski Juniorow - Ekstraliga"]
[Site "Suchedniow"]
[Date "1899-12-30"]
[Round "6.18"]
[White "Malicka, Maria"]
[Black "Karlyk, Maria"]
[Result "1-0"]
[WhiteTitle "k+"]
[BlackTitle "I"]
[WhiteElo "1938"]
[BlackElo "1600"]

1. e4 c5 2. Nf3 d6 3. g3 Nc6 4. Bg2 Nf6 5. Qe2 Bg4 6. c3 e5 7. O-O Qd7 8. d3 h6
9. Na3 Be7 10. Nc2 Nh7 11. Ne3 Ng5 12. Nxg4 Qxg4 13. Nd4 1-0

[Event "Druzynowe Mistrzostwa Polski Juniorow - Ekstraliga"]
[Site "Suchedniow"]
[Date "1899-12-30"]
[Round "6.19"]
[White "Koziol, Kamil"]
[Black "Nowak, Kamil"]
[Result "1/2-1/2"]
[WhiteTitle "k"]
[BlackTitle "k+"]
[WhiteElo "2270"]
[BlackElo "2313"]

1. Nf3 d5 2. g3 Nf6 3. Bg2 Bf5 4. O-O e6 5. c4 c6 6. cxd5 exd5 7. d3 Nbd7 8. Nc3
Be7 9. Qc2 O-O 10. e4 dxe4 11. dxe4 Bg6 1/2-1/2

[Event "Druzynowe Mistrzostwa Polski Juniorow - Ekstraliga"]
[Site "Suchedniow"]
[Date "1899-12-30"]
[Round "6.20"]
[White "Gumularz, Szymon"]
[Black "Zylka, Stanislaw"]
[Result "1/2-1/2"]
[WhiteTitle "I++"]
[BlackTitle "k"]
[WhiteElo "2267"]
[BlackElo "2239"]

1. Nf3 c5 2. c4 Nc6 3. d4 cxd4 4. Nxd4 Nf6 5. Nc3 e6 6. a3 d5 7. cxd5 exd5 8. Bg5
Bc5 9. Nxc6 bxc6 10. e3 O-O 11. Be2 h6 12. Bh4 1/2-1/2

[Event "Druzynowe Mistrzostwa Polski Juniorow - Ekstraliga"]
[Site "Suchedniow"]
[Date "1899-12-30"]
[Round "6.21"]
[White "Posluszny, Tomasz"]
[Black "Czopor, Maciej"]
[Result "1/2-1/2"]
[WhiteTitle "II"]
[BlackTitle "I++"]
[WhiteElo "1555"]
[BlackElo "2016"]

1. d4 Nf6 2. c4 e6 3. Nf3 d5 4. Nc3 Bb4 5. cxd5 exd5 6. Bg5 O-O 7. a3 Be7 8. e3
Re8 9. Qc2 c6 10. Bd3 Nbd7 1/2-1/2

[Event "Druzynowe Mistrzostwa Polski Juniorow - Ekstraliga"]
[Site "Suchedniow"]
[Date "1899-12-30"]
[Round "6.22"]
[White "Dytman, Radoslaw"]
[Black "Oleksy, Krzysztof"]
[Result "1/2-1/2"]
[WhiteTitle "II+"]
[BlackTitle "I"]
[WhiteElo "1479"]
[BlackElo "1569"]

1. e4 c5 2. Nf3 d6 3. d4 cxd4 4. Nxd4 Nf6 5. Nc3 a6 6. f3 e5 7. Nb3 h5 8. Be3 Be6
9. Qd2 Be7 10. Be2 Nbd7 11. O-O O-O 12. f4 exf4 13. Bxf4 Ne5 1/2-1/2

[Event "Druzynowe Mistrzostwa Polski Juniorow - Ekstraliga"]
[Site "Suchedniow"]
[Date "1899-12-30"]
[Round "6.23"]
[White "Cieslak, Wiktoria"]
[Black "Dadello, Aleksandra"]
[Result "0-1"]
[WhiteTitle "k+"]
[BlackTitle "I++"]
[WhiteElo "1983"]
[BlackElo "1958"]

1. e4 e6 2. d4 d5 3. Nd2 Nf6 4. e5 Nfd7 5. Bd3 c5 6. c3 Nc6 7. Ne2 cxd4 8. cxd4
f6 9. Nf4 Qe7 10. Qh5+ Qf7 11. Bg6 hxg6 12. Qxh8 fxe5 13. Nh3 exd4 14. O-O Nf6
15. Nb3 e5 16. Re1 0-1

[Event "Druzynowe Mistrzostwa Polski Juniorow - Ekstraliga"]
[Site "Suchedniow"]
[Date "1899-12-30"]
[Round "6.29"]
[White "Gazikova, Veronika"]
[Black "Kopica, Paulina"]
[Result "1-0"]
[WhiteTitle "k"]
[BlackTitle "I++"]
[WhiteElo "2207"]
[BlackElo "1899"]

1. e4 e6 2. d3 c5 3. Nf3 Nc6 4. g3 g6 5. Bg2 Bg7 6. O-O Nge7 7. Re1 e5 8. c3 O-O
9. Nbd2 d6 10. Nf1 h6 11. Nh4 1-0

[Event "Druzynowe Mistrzostwa Polski Juniorow - Ekstraliga"]
[Site "Suchedniow"]
[Date "1899-12-30"]
[Round "6.30"]
[White "Sowa, Wiktoria"]
[Black "Kulpa, Zuzanna"]
[Result "1-0"]
[WhiteTitle "I"]
[BlackTitle "I++"]
[WhiteElo "1539"]
[BlackElo "1615"]

1. e4 e5 2. Nf3 Nc6 3. Bb5 a6 4. Ba4 Nf6 5. O-O Nxe4 6. d4 b5 7. Bb3 d5 8. dxe5
Be6 9. a4 b4 10. Re1 a5 11. Nbd2 Nc5 12. Nf1 Nxb3 13. cxb3 Be7 14. Qc2 1-0

[Event "Druzynowe Mistrzostwa Polski Juniorow - Ekstraliga"]
[Site "Suchedniow"]
[Date "1899-12-30"]
[Round "7.1"]
[White "Wisniewski, Michal"]
[Black "Golda, Sebastian"]
[Result "1/2-1/2"]
[WhiteTitle "k+"]
[BlackTitle "I"]
[WhiteElo "2235"]
[BlackElo "1932"]

1. e4 e5 2. Nf3 Nc6 3. d4 exd4 4. Nxd4 Nf6 5. Nxc6 bxc6 6. Qe2 Qe7 7. Nc3 a5 8.
Bd2 Ba6 9. Qf3 g6 10. Bxa6 Rxa6 11. O-O-O d6 12. e5 dxe5 13. Bg5 Bg7 14. Ne4 c5
15. Bxf6 Bxf6 16. Nxf6+ Qxf6 17. Qxf6 Rxf6 18. f3 Rd6 19. Rhe1 f6 20. f4 Rxd1+
21. Kxd1 Kf7 22. fxe5 Rd8+ 23. Ke2 fxe5 24. Rf1+ Ke6 25. Rf3 Rd4 26. Ra3 a4 27.
b3 axb3 28. Rxb3 c6 29. Rh3 Ra4 30. a3 h5 31. Rg3 Kf5 32. Rf3+ Ke6 33. Rg3 Kf5
34. Rf3+ Ke6 35. Rg3 Kf5 1/2-1/2

[Event "Druzynowe Mistrzostwa Polski Juniorow - Ekstraliga"]
[Site "Suchedniow"]
[Date "1899-12-30"]
[Round "7.2"]
[White "Marczuk, Anna"]
[Black "Pultorak, Jan"]
[Result "0-1"]
[WhiteTitle "k"]
[BlackTitle "FM"]
[WhiteElo "1931"]
[BlackElo "2296"]

1. e4 d5 2. exd5 Qxd5 3. Nc3 Qd6 4. d4 c6 5. Bc4 Bf5 6. Nge2 e6 7. Bf4 Qb4 8. Bb3
Nf6 9. Ng3 Bg6 10. a3 Qb6 11. Be3 Qc7 12. O-O Nbd7 13. Nce2 Rd8 14. Qe1 Bd6 15.
Qc1 Ne4 16. Bf4 Ndf6 17. Rd1 Nxg3 18. Bxg3 Bxg3 19. hxg3 O-O 20. Nf4 Bf5 21. c4
e5 22. dxe5 Qxe5 23. Re1 Qd4 24. Rd1 Qc5 25. Qc3 Ne4 26. Qf3 Rd2 27. Rxd2 Nxd2
28. Qc3 Ne4 29. Qf3 Qb6 30. Rd1 Nc5 31. Ba2 Qxb2 32. Qe2 Qxa3 33. Bb1 Bxb1 34.
Rxb1 Qc3 35. Re1 Qf6 36. Qe3 b6 37. Qa3 a5 38. Rb1 Qd4 39. Qa2 Ne4 40. Qb2 Qxb2
41. Rxb2 Rb8 0-1

[Event "Druzynowe Mistrzostwa Polski Juniorow - Ekstraliga"]
[Site "Suchedniow"]
[Date "1899-12-30"]
[Round "7.3"]
[White "Teclaf, Pawel"]
[Black "Szczurek, Krzysztof"]
[Result "1-0"]
[WhiteTitle "CM"]
[BlackTitle "I"]
[WhiteElo "2191"]
[BlackElo "1926"]

1. e4 c5 2. Nf3 d6 3. d4 cxd4 4. Nxd4 Nf6 5. Nc3 a6 6. Be3 e5 7. Nb3 Be7 8. f3
Be6 9. Qd2 O-O 10. O-O-O Qc7 11. g4 b5 12. g5 Nh5 13. Kb1 Nd7 14. Nd5 Bxd5 15.
exd5 Rfc8 16. Na5 Nf4 17. Bxf4 exf4 18. Nc6 Bxg5 19. Rg1 h6 20. h4 Bxh4 21. Qxf4
Bg5 22. Qh2 Ne5 23. f4 Nxc6 24. dxc6 Bf6 25. Qxh6 Qxc6 26. Bd3 d5 27. Rde1 g5
28. Bh7+ 1-0

[Event "Druzynowe Mistrzostwa Polski Juniorow - Ekstraliga"]
[Site "Suchedniow"]
[Date "1899-12-30"]
[Round "7.4"]
[White "Korcyl, Patryk"]
[Black "Oglaza, Oskar"]
[Result "0-1"]
[WhiteTitle "II"]
[BlackTitle "k"]
[WhiteElo "1564"]
[BlackElo "2107"]

1. e4 c5 2. b4 cxb4 3. Bb2 d6 4. d4 Nf6 5. Bd3 e6 6. f4 Be7 7. Nf3 O-O 8. O-O Nbd7
9. h3 b6 10. Nbd2 Bb7 11. Qe1 Ne8 12. Qg3 g6 13. f5 Ng7 14. fxg6 fxg6 15. Nc4
Nf6 16. e5 Nfh5 17. Qe1 Bxf3 18. Rxf3 Rxf3 19. gxf3 d5 20. Ne3 Bh4 21. Qf1 Nf4
22. Bc1 Qg5+ 23. Ng4 h5 24. Bxf4 Qxf4 25. Nf6+ Bxf6 26. exf6 Qxd4+ 27. Kh1 Qxf6
28. Re1 Nf5 29. Qg2 Kf7 30. Rg1 Rg8 31. f4 Nd6 32. Qf3 Nf5 33. Qf2 g5 34. Qg2
g4 35. Be2 Qh4 36. Kh2 g3+ 37. Kh1 Ne3 38. Qf3 Qxh3# 0-1

[Event "Druzynowe Mistrzostwa Polski Juniorow - Ekstraliga"]
[Site "Suchedniow"]
[Date "1899-12-30"]
[Round "7.5"]
[White "Kopica, Paulina"]
[Black "Jedrocha, Katarzyna"]
[Result "1/2-1/2"]
[WhiteTitle "I++"]
[BlackTitle "k"]
[WhiteElo "1899"]
[BlackElo "1948"]

1. e4 e6 2. d4 d5 3. e5 c5 4. c3 Qb6 5. Nf3 Bd7 6. Bd3 cxd4 7. cxd4 Nc6 8. Bc2
Nb4 9. Nc3 Nxc2+ 10. Qxc2 Rc8 11. O-O Ne7 12. Rd1 Nf5 13. g4 Ne7 14. Qe2 Nc6 15.
Bg5 Na5 16. Rac1 Rc7 17. Ne1 Bb4 18. Bd2 O-O 19. Nf3 Nc4 20. Rc2 Nxd2 21. Rdxd2
Rfc8 22. Qd3 Bxc3 23. Rxc3 Rxc3 24. bxc3 Bb5 25. Qe3 Qa5 26. Rc2 Qa3 27. Nd2 Bc4
28. Nb1 Qa6 29. Qd2 Bd3 30. Rb2 Be4 31. f4 b6 32. Kf2 Qc4 33. Na3 Qxc3 34. Qxc3
Rxc3 35. Nb5 Rf3+ 36. Ke1 Rxf4 37. Nxa7 Rxg4 38. Rxb6 h5 39. Rb2 Rg1+ 40. Kd2
Rg2+ 41. Kc3 Rxb2 42. Kxb2 g5 43. Kc3 g4 44. Kd2 h4 45. Ke2 f5 46. exf6 Kf7 47.
Nc6 Kxf6 48. Kf2 Bc2 49. Nb4 Ba4 50. Nd3 Kf5 51. a3 Bc6 52. Ke3 Bb5 53. Nf2 g3
54. hxg3 hxg3 55. Nh3 Kg4 56. Ng1 Bd7 57. Ne2 g2 58. Kf2 Bb5 59. Nc3 Bf1 60. a4
Kh3 61. Kg1 Kg3 62. Nb5 Kf4 63. Nc7 Kf5 64. a5 e5 65. dxe5 Kxe5 66. a6 Bxa6 67.
Nxa6 Ke4 68. Nb4 1/2-1/2

[Event "Druzynowe Mistrzostwa Polski Juniorow - Ekstraliga"]
[Site "Suchedniow"]
[Date "1899-12-30"]
[Round "7.6"]
[White "Dylag, Emilia"]
[Black "Sowa, Wiktoria"]
[Result "1-0"]
[WhiteTitle "I"]
[BlackTitle "I"]
[WhiteElo "1712"]
[BlackElo "1539"]

1. d4 Nf6 2. Nf3 e6 3. c4 c5 4. g3 d5 5. Bg2 Nc6 6. O-O dxc4 7. Qa4 Nd7 8. dxc5
Bxc5 9. Qxc4 O-O 10. Nc3 h6 11. Ne4 Bb6 12. b3 Nde5 13. Nxe5 Nxe5 14. Qc2 Qe7
15. Bf4 Bc7 16. Rac1 Nc6 17. Bxc7 Qxc7 18. Rfd1 e5 19. Nd6 Qa5 20. Bxc6 bxc6 21.
Qxc6 Be6 22. Qc2 Qb6 23. Qc5 Qxc5 24. Rxc5 f6 25. Nc4 Rfc8 26. Rxc8+ Rxc8 27.
Rc1 a5 28. Kf1 a4 29. Ke1 Rb8 30. Rc3 Rd8 31. Nd2 axb3 32. axb3 Rd4 33. Rc1 e4
34. Ra1 f5 35. Ra4 Rd8 36. Ra1 g5 37. Rb1 f4 38. gxf4 gxf4 39. Nxe4 Bf5 40. f3
Bxe4 41. fxe4 Re8 42. b4 Rxe4 43. Kf2 Kf7 44. b5 Kf6 45. b6 Re8 46. b7 Rb8 47.
Kf3 Ke5 48. Rb5+ Kd6 49. Kxf4 Kc6 50. Rb2 Kc7 51. Kg4 Rg8+ 52. Kh5 Kb8 53. h4
Re8 54. Kxh6 Rh8+ 55. Kg5 Rg8+ 56. Kf4 Rh8 57. Kg3 Rg8+ 58. Kh3 Re8 59. h5 Re4
60. Kg3 Rd4 61. e3 Rd3 62. Kf4 Rd5 63. h6 Rd6 64. Rh2 Rd8 65. h7 Rh8 66. Kg5 Kxb7
67. Kg6 Kc7 68. Kg7 1-0

[Event "Druzynowe Mistrzostwa Polski Juniorow - Ekstraliga"]
[Site "Suchedniow"]
[Date "1899-12-30"]
[Round "7.7"]
[White "Nowak, Kamil"]
[Black "Jarmula, Lukasz"]
[Result "0-1"]
[WhiteTitle "k+"]
[BlackTitle "IM"]
[WhiteElo "2313"]
[BlackElo "2447"]

1. Nf3 Nf6 2. c4 b6 3. Nc3 Bb7 4. g3 e6 5. Bg2 c5 6. O-O Be7 7. d4 cxd4 8. Nxd4
Bxg2 9. Kxg2 Qc7 10. Qd3 Qb7+ 11. e4 O-O 12. f3 d6 13. Ndb5 Rd8 14. Bf4 a6 15.
Nxd6 Bxd6 16. Bxd6 Nc6 17. b4 Nxb4 18. Qb1 Rxd6 19. Qxb4 Qc7 20. Na4 Rc6 21. Nb2
a5 22. Qb5 Rc5 23. Qa4 Nd7 24. Rf2 Ne5 25. Rd1 Rc8 26. Rd4 h6 27. Rfd2 Nxc4 28.
Nxc4 Rxc4 29. Rxc4 Qxc4 30. Qxc4 Rxc4 31. Rb2 g5 32. Rxb6 Rc2+ 33. Kh3 Rxa2 34.
Ra6 Kg7 35. f4 Kg6 36. f5+ Kf6 37. fxe6 fxe6 38. Kg4 Rxh2 39. Rxa5 h5+ 40. Kf3
Rb2 41. Rc5 Rb3+ 42. Kf2 Rb4 43. Kf3 Rb1 44. Kf2 Rb2+ 45. Kf3 g4+ 46. Ke3 e5 47.
Rc6+ Kg5 48. Re6 Rg2 49. Rxe5+ Kg6 50. Re6+ Kf7 51. Rh6 Rxg3+ 52. Kf2 Rh3 53.
e5 Kg7 54. Ra6 Rf3+ 55. Kg2 Re3 56. e6 Kf6 57. e7+ Kxe7 58. Rh6 Rh3 59. Kg1 Kf7
60. Kg2 Kg7 61. Ra6 Rf3 62. Kh2 Rf6 63. Ra5 Kg6 64. Kg3 Rf3+ 65. Kg2 Rf5 66. Ra8
Kg5 67. Kg3 Rf3+ 68. Kg2 Kh4 69. Ra5 Rg3+ 70. Kh2 Rb3 71. Ra2 g3+ 72. Kg2 Rb4
73. Rc2 Kg4 74. Ra2 h4 75. Rc2 h3+ 0-1

[Event "Druzynowe Mistrzostwa Polski Juniorow - Ekstraliga"]
[Site "Suchedniow"]
[Date "1899-12-30"]
[Round "7.8"]
[White "Gazik, Viktor"]
[Black "Gumularz, Szymon"]
[Result "1-0"]
[WhiteTitle "FM"]
[BlackTitle "I++"]
[WhiteElo "2436"]
[BlackElo "2267"]

1. Nf3 d5 2. g3 Nf6 3. Bg2 c6 4. O-O Bg4 5. d3 Nbd7 6. c4 e6 7. Nc3 Be7 8. Be3
O-O 9. h3 Bxf3 10. exf3 Nc5 11. Ne2 dxc4 12. dxc4 Qxd1 13. Rfxd1 Rfd8 14. f4 a5
15. Nd4 g6 16. Rab1 a4 17. g4 Kf8 18. Bf3 Nfe4 19. Kg2 Bf6 20. h4 Rd6 21. Bxe4
Nxe4 22. Kf3 Bxd4 23. Bxd4 f5 24. gxf5 exf5 25. Bc5 Nxc5 26. Rxd6 Re8 27. Rbd1
Re4 28. R6d4 Re7 29. R1d2 Re1 30. Rd1 Re7 31. h5 Kf7 32. Rh1 Kg7 33. Rd8 Ne6 34.
Rd6 c5 35. Rhd1 Nd4+ 36. Kg2 gxh5 37. Rd3 Kf8 38. b4 axb3 39. axb3 Ne2 40. Rf6+
Kg7 41. Rxf5 Kg6 42. Rdd5 h4 43. Rxc5 1-0